000 00524nam a2200121Ia 4500
008 220615s9999||||xx |||||||||||||| ||und||
100 _aSuber, Peter
245 0 _aKnowledge Unbound
_bSelected Writings on Open Access, 2002–2011
546 _aEnglish[eng]
650 _aOpen Access
856 _uhttps://library.oapen.org/bitstream/20.500.12657/26045/1/1004040.pdf||https://library.oapen.org/bitstream/20.500.12657/26045/1/1004040.pdf||https://library.oapen.org/bitstream/20.500.12657/26045/1/1004040.pdf
942 _cEB
999 _c17716
_d17716